000 00555nam a2200229Ia 4500
003 OSt
005 20220924151636.0
006 a|||||r|||| 00| 0
007 ta
008 220923b |||||||| |||| 00| 0 tel d
024 _a338538
037 _cTextual
040 _aARTS
_cARTS
_btel
041 _2tel
_atel
082 _aV2:51wN00, 35H7
100 _aRanga
_9203305
245 0 _aJeevata Kadha
260 _c1947
650 _aINDIA - HISTORY
942 _hV2:51wN00, 35H7
_cTEXL
_2CC
999 _c467273
_d467273